00763cam a2200241 a 4500001000500000005001700005020001700022040001900039050001300058082001100071100002700082245004200109250003600151260003900187300005900226490002800285490002600313505000800339520010300347521002300450521002000473650002800493354820250507145231.0 a033500125843 aOcOdDLCbeng04aPZ7.M462 a372.4 1 aMayer, Mercerd(1943-)10aJust me and my mom /cby Mercer Mayer aFirst Random House Edition 2003 aNew York : bA Golden book ,c1990 a24 unnumbered pages : bcolor illustrations ; c21 cm.0 aA Golden look-look book1 aA Little Critter book aK  aLittle Critter and his mother take a trip to the city exploring the department stores and museums. a520 bLexile AD  aK bRaz-Plus  amother's day vFiction